00322nam a2200145Ia 4500008004100000020001500041041001200056082001600068100001500084245001600099260002500115300000900140650001500149700001200164221030s9999 xx 000 0 und d a0070597979 aEnglish a105.23bBod aZvi Bodie 0aInvestments bTMHaNew Delhic2004 a1090 aManagement aA. Kane